书目信息 |
| 题名: |
“三个第一”建队原则学习与实践
|
|
| 作者: | 胡建国 主编 ;中国维和警察培训中心 编 | |
| 分册: | ||
| 出版信息: | 北京 中国人民公安大学出版社 2018 |
|
| 页数: | 342页 | |
| 开本: | 21cm | |
| 丛书名: | ||
| 单 册: | ||
| 中图分类: | E159 | |
| 科图分类: | ||
| 主题词: | ||
| 电子资源: | ||
| ISBN: | 978-7-5653-3249-4 | |
| 000 | 01135nam0 2200265 450 | |
| 001 | 012001005666 | |
| 005 | 20080820154159.0 | |
| 010 | @a978-7-5653-3249-4@dCNY80.00 | |
| 100 | @a20180714d2018 em y0chiy50 ea | |
| 101 | 0 | @achi |
| 102 | @aCN@b110000 | |
| 105 | @aa z 000yy | |
| 106 | @ar | |
| 200 | 1 | @a“三个第一”建队原则学习与实践@9“san ge di yi”jian dui yuan ze xue xi yu shi jian@f中国维和警察培训中心编 |
| 210 | @a北京@c中国人民公安大学出版社@d2018 | |
| 215 | @a342页@c彩照@d21cm | |
| 306 | @a题名页出版者题:中国人民公安大学出版社、群众出版社 | |
| 314 | @a主编取自编审委员会名单 | |
| 330 | @a本书结合联合国维和行动国际背景、中国政府参与联合国维和行动的历程和中国警察参与联合国维和行动的实践,梳理出“三个第一”建队原则提出的过程,分析其作用与价值,从“政治第一”“党组织第一”“思想工作第一”三个方面,阐述了“三个第一”建队原则的深刻内涵。 | |
| 601 | 02 | @a联合国维持和平部队@x工作概况@y中国 |
| 690 | @aE159@v5 | |
| 701 | 0 | @a胡建国@9hu jian guo@4主编 |
| 712 | 02 | @a中国维和警察培训中心@9zhong guo wei he jing cha pei xun zhong xin@4编 |
| 801 | 0 | @aCN@b上海新华@c20180901 |
| 905 | @b1174926-30@dE159@e108@f5 | |
| “三个第一”建队原则学习与实践/中国维和警察培训中心编.-北京:中国人民公安大学出版社,2018 |
| 342页:彩照;21cm |
| ISBN 978-7-5653-3249-4:CNY80.00 |
| 本书结合联合国维和行动国际背景、中国政府参与联合国维和行动的历程和中国警察参与联合国维和行动的实践,梳理出“三个第一”建队原则提出的过程,分析其作用与价值,从“政治第一”“党组织第一”“思想工作第一”三个方面,阐述了“三个第一”建队原则的深刻内涵。 |
| ● |
| 相关链接 |
|
|
|
|
正题名:"三个第一"建队原则学习与实践
索取号:E159/108
 
预约/预借
| 序号 | 登录号 | 条形码 | 馆藏地/架位号 | 状态 | 备注 |
| 1 | 1174926 | 211749269 | 第一样本阅览室/ [索取号:E159/108] | 在馆 | |
| 2 | 1174927 | 211749278 | 第一借阅区/ [索取号:E159/108] | 在馆 | |
| 3 | 1174928 | 211749287 | 第一借阅区/ [索取号:E159/108] | 在馆 | |
| 4 | 1174929 | 211749296 | 第一借阅区/ [索取号:E159/108] | 在馆 | |
| 5 | 1174930 | 211749303 | 第一借阅区/ [索取号:E159/108] | 在馆 |